01279nam a2200325 a 4500001001200000003000800012006001900020007001500039008004100054010001700095020003500112020001800147020002700165040002100192035002100213050002400234082001600258245011700274260007000391300001600461504005300477533015200530650003000682650003100712655002900743700002100772710001700793856012600810999001700936ebr10642503CaPaEBRm u cr cn|||||||||030403s2004 dcu sb 001 0 eng d z 2003007838 z0813213614 (pbk. : alk. paper) z9780813213613 z9780813220567 (e-book) aCaPaEBRcCaPaEBR a(OCoLC)81650659714aBX2380b.R48 2003eb04a248.8/922100aRevisiting the idea of vocationh[electronic resource] :btheological explorations /cedited by John C. Haughey. aWashington, D.C. :bCatholic University of America Press,cc2004. axiv, 249 p. aIncludes bibliographical references and indexes. aElectronic reproduction.bPalo Alto, Calif. :cebrary,d2013.nAvailable via World Wide Web.nAccess may be limited to ebrary affiliated libraries. 0aVocation, Ecclesiastical. 0aVocationxCatholic Church. 7aElectronic books.2local1 aHaughey, John C.2 aebrary, Inc.40uhttp://site.ebrary.com/lib/rucke/Doc?id=10642503zAn electronic book accessible through the World Wide Web; click to view c32738d32738